[Event "Bundesliga 0506"]
[Site "Germany"]
[Date "2005.11.12"]
[Round "3.3"]
[White "Glek, Igor Vladimirovich"]
[Black "Roos, Michael"]
[Result "1-0"]
[WhiteElo "2566"]
[BlackElo "2371"]
[Annotator "Psakhis,L"]
[PlyCount "93"]
[EventDate "2005.10.21"]
[EventType "team-tourn"]
[EventRounds "15"]
[EventCountry "GER"]
[SourceTitle "CBM 110"]
[Source "ChessBase"]
[SourceDate "2006.01.31"]
[SourceVersion "1"]
[SourceVersionDate "2006.01.31"]
[SourceQuality "1"]
[WhiteTeam "Katernberg"]
[BlackTeam "Leipzig Gohlis"]
[WhiteTeamCountry "GER"]
[BlackTeamCountry "GER"]

1. e4 c5 2. Nf3 d6 3. Bb5+ Bd7 4. Bxd7+ Qxd7 5. O-O Nc6 6. d3 g6 (6... Nf6 7.
Re1 e6 8. Nbd2 Be7 9. Nf1 O-O 10. Ng3 b5 11. c3 Ne5 12. d4 Nxf3+ 13. Qxf3 cxd4
14. cxd4 Rac8 15. Re2 $146 (15. Qb3) (15. e5) 15... Rc7 16. Bf4 Rfc8 17. h3 Rc2
18. Rd1 R8c4 19. Qd3 Rxe2 20. Qxe2 a6 21. b3 Rc8 22. d5 $1 $14 {1/2-1/2 Glek,I
(2571)-Huebner,R (2604)/Deutschland 90/167 2004/ (44)}) 7. c3 Nf6 8. Re1 Bg7 9.
d4 cxd4 10. cxd4 d5 11. e5 Ne4 12. Nc3 (12. Nbd2 Nxd2 {RR} 13. Bxd2 O-O 14. Rc1
({RR} 14. Be3 f6 15. exf6 exf6 16. Rc1 Rac8 17. Qd2 g5 18. h3 h6 19. h4 Rfe8
20. hxg5 hxg5 21. Nh2 Qf5 22. f3 Qg6 23. Ng4 Bf8) ({RR} 14. Qe2 Nd8 15. Rec1
Ne6 16. Rc3 Rac8 17. Rac1 Rxc3 18. Rxc3 Qa4) 14... e6 (14... Rfc8 15. b4 Nd8 {
1/2-1/2 Biro,S-Navrotescu,C/ROM-sf Baile Tusnad 1999/ChessBase}) 15. Bg5 h6 16.
Be3 Rfc8 17. Qd2 {Smagin,S-Vogt,L/Biel op (11) ;EXP 19 1990}) 12... Nxc3 13.
bxc3 Nd8 {[%cal Gd8e6,Ga8c8] A typical move in these positions - the knight is
better placed on e6} ({After} 13... O-O 14. h4 {Black must make important
choice : to allow move h4-h5, or to play h7-h5 what produced weaknesses on the
k-side.} h5 (14... Rac8 15. h5 Na5 (15... Nd8 16. Qd3 Ne6 17. h6 $1 {[%csl Rg7]
} Bh8 18. Bd2 Rc4 19. Reb1 b5 {Black tries to keep a space on the queen side
thus white would not to play on two sides.} 20. Ne1 {[%cal Ye1c2,Yc2e3] This
manouevre is a typical one for this structure. From e3 white knight controls
almost all the center.} a6 {supporting the b5 pawn.} 21. Nc2 Rfc8 {1-0
Erenburg,S (2494)-Kundin,A (2429)/Tel Aviv Last Autumn 2002/CBM 92/ (50)}) 16.
Ng5 Rc6 (16... Rxc3 17. Bd2 Ra3 18. e6 fxe6 19. Nxe6 Nc4 20. Bb4) (16... f6 17.
Nxh7 Kxh7 18. e6) 17. e6 fxe6 18. hxg6 hxg6 19. Qg4 Rf6 (19... Rf5 20. Qh4 Kf8
21. Bf4) 20. Qh3 Nc4 21. Qh7+ Kf8 22. Nh3 Qd6 (22... Qc8 23. Bg5 Kf7 24. Bxf6
exf6 25. Nf4) 23. Bg5 {Timman,J (2635)-Van Wely,L (2605)/Breda m 1998/CBM 65/
1-0 (41)}) 15. Qd3 Nd8 16. Bd2 $5 (16. Rb1 Rc8 17. Ng5 Rc6 (17... Ne6 $2 18.
Nxe6 $18) 18. Bd2 b6 (18... Ne6 $2 19. Nxe6 Rxe6 20. Qb5 $16) 19. a4 Ne6 20.
Nxe6 (20. a5 $5 Nxg5 21. hxg5 $11) 20... Qxe6 21. a5 Rfc8 (21... bxa5 22. Rb7
$16) 22. axb6 Rxb6 23. Rxb6 axb6 {1/2-1/2 Glek,I (2554)-Huebner,R (2620)/Essen
2000/ChessBase (48)} (23... Qxb6 24. e6 f5 25. Bg5 $16)) 16... Rc8 17. Reb1 Rc7
18. a4 Ne6 19. Rb5 {[%csl Rd5][%cal Yd3b1,Yb1b3,Gb3d5,Gb5d5]} Rfc8 20. Qb1 Nd8
21. Ne1 {White knight is going to d3.} Kh7 22. Nd3 {[%csl Gd3]} Bh6 23. Bxh6
Kxh6 24. Qa2 Rc4 {1-0 Ye Jiangchuan (2615)-Wang Pin (2465)/Shanghai Sufe Cup
2000/ChessBase (33) It looks that in both cases initiative belongs to white.})
14. h4 $5 $146 {Only this move turns out to be a novelty.} (14. Qb3 Rc8 15. Qa3
{1/2-1/2 Sion Castro,M (2392)-Cabrera Trujillo,J (2121)/Calvia op 2005/}) 14...
h5 (14... Rc8 15. h5 $1 Rxc3 $140 16. h6 Bf8 17. e6 Nxe6 18. Ne5 Qb5 19. Bd2
Rc8 20. Nxf7 $1 $40) 15. Ng5 (15. a4 $5 $14) 15... Ne6 (15... O-O 16. Qd3 Ne6
$140 17. Qh3 $1 {[%csl Rg7]}) 16. Nxe6 Qxe6 17. Rb1 {With natural moves White
has achieved his normal edge from this line} b6 (17... Qc6 18. Bg5 $36 (18. Qb3
b6 19. Qa3 $36)) 18. Qa4+ (18. c4 Rd8 $5 $13 (18... dxc4 19. Qa4+ (19. d5 Qd7
20. Bb2) 19... Qd7 20. Qxc4 Rc8 21. Qd3 {[%cal Ge5e6]})) 18... Qd7 19. Qc2 {
[%cal Re5e6]} Qe6 ({Worth considering and} 19... Qf5 $5) 20. c4 O-O $1 (20...
dxc4 21. Qa4+ Qd7 22. Qxc4) (20... Rd8 21. cxd5 Rxd5 22. Qc7 $36) 21. c5 (21.
cxd5 Qxd5 22. Bg5 Rfc8 $11) 21... bxc5 (21... Rfc8 22. Ba3 $14) 22. dxc5 $5 (
22. Qxc5 Rfc8 $11) 22... Rfc8 (22... Rab8 $5) 23. Bb2 Rab8 24. Bd4 Rxb1 (24...
Qc6 25. Rxb8 Rxb8 26. Rb1 $14) 25. Qxb1 Qa6 26. Qb3 e6 27. a4 {[%cal Gb3b5]}
Bf8 28. Qb5 Rc6 29. Rc1 Qc8 30. g3 Be7 31. Kg2 Kg7 32. Rc3 Kg8 33. a5 a6 34.
Qa4 Kg7 35. Kh2 Qc7 36. Rb3 $2 {This move is too ambitious.} (36. Qb4 Bd8 37.
Ra3 Be7 $11) 36... Bd8 $2 ({Black should have preferred} 36... Bxc5 $140 37.
Bxc5 (37. Rc3 Bxd4 38. Rxc6 Qxe5 $17) 37... Rxc5 38. Qe8 Qc8 39. Qxc8 Rxc8 40.
Rb6 Rc5 41. Rxa6 d4 $15) 37. Rb6 (37. Kg2 $5 Qc8) 37... Rxc5 $8 38. Qe8 (38.
Bxc5 Qxc5 39. Rb2 Bxa5 $13) 38... Rc4 (38... Rxa5 39. Rd6 $1 $18) 39. Be3 Qe7
$1 40. Qxe7 Bxe7 41. Rxa6 d4 42. Bf4 Rc7 $6 ({After} 42... Ra4 $11 {[%csl Ga4]
Black could hold the position with accurate defense}) 43. Ra8 g5 (43... Rc2 44.
Kg2 d3 45. Kf3 Ra2 46. Be3 d2 47. Ke2 $18 Bb4 $140 48. Bg5 $1 {[%csl Rg7]}) 44.
hxg5 Kg6 45. a6 Kf5 ({After} 45... Bc5 $5 {Roos could have offered a tough
resistance after}) 46. a7 Bc5 (46... Ke4 47. Rf8 $1 Rxa7 48. Rxf7 Bxg5 49. Rxa7
$18) 47. g6 $1 1-0

[Event "FIDE World Cup"]
[Site "Khanty-Mansiysk"]
[Date "2005.11.27"]
[Round "1.1"]
[White "Hamdouchi, Hicham"]
[Black "Sutovsky, Emil"]
[Result "0-1"]
[WhiteElo "2574"]
[BlackElo "2654"]
[Annotator "Psakhis,L"]
[PlyCount "60"]
[EventDate "2005.11.27"]
[EventType "k.o."]
[EventRounds "7"]
[EventCountry "RUS"]
[SourceTitle "CBM 111"]
[Source "ChessBase"]
[SourceDate "2006.04.04"]
[SourceVersion "1"]
[SourceVersionDate "2006.04.04"]
[SourceQuality "1"]

1. e4 c5 2. Nf3 d6 3. c3 Nf6 4. Be2 Bg4 5. h3 (5. O-O e6 6. h3 (6. Ng5 Bxe2 7.
Qxe2 Be7 8. d3 Nc6 9. f4 O-O 10. Nf3 b5 11. Kh1 Rc8 12. Be3 d5 13. e5 Nd7 14.
Nbd2 f6 15. exf6 Bxf6 16. d4 cxd4 17. Bxd4 Qe7 18. Bxf6 Rxf6 19. Rae1 a6 20.
Nb3 Rxf4 21. Qxe6+ Qxe6 22. Rxe6 Nde5 {1/2-1/2 Stripunsky,A (2533)-Wojtkiewicz,
A (2539)/New York Masters 2004/ (29)}) (6. d4 $5 Nxe4 7. d5 $44) (6. Re1 Be7 7.
d4 cxd4 8. cxd4 d5 9. exd5 Nxd5 10. h3 Bh5 11. Bb5+ Nc6 12. g4 Bg6 13. Ne5 Rc8
14. Nc3 O-O 15. Nxd5 Qxd5 16. Bc4 Qd8 17. Nxg6 hxg6 18. Be3 Nxd4 19. Bxd4 Rxc4
20. Bxa7 Qa5 {1/2-1/2 Yudasin,L (2699)-Shahade,G (2493)/New York Masters 2002/
ChessBase (31)}) 6... Bxf3 7. Bxf3 (7. Bb5+ Nbd7 8. Qxf3 a6 9. Ba4 b5 10. Bc2
c4 $1 11. d4 (11. a4 $5) 11... cxd3 12. Qxd3 (12. Bxd3 Be7 13. Qe2 O-O 14. Nd2
Qb6 15. Nb3 a5 $1 $11) 12... Be7 13. Qe2 O-O 14. Nd2 Qb6 15. Nb3 a5 16. a4 b4
17. Be3 Qb7 18. cxb4 Qxb4 19. Bd2 Qb6 20. Be3 {1/2-1/2 Wojtkiewicz,A (2595)
-Macieja,B (2490)/Krynica (zt) 1998/}) 7... Nc6 8. d4 cxd4 9. cxd4 d5 (9... e5
10. d5 Nd4 11. Be3 Nxf3+ 12. Qxf3 Be7 13. Nc3 O-O $14) 10. exd5 Nxd5 11. Nc3
Be7 12. Nxd5 exd5 13. Be3 (13. Qb3 $1 {(Wojtkiewicz,A)} Nxd4 14. Qa4+ $1 Nc6
15. Rd1 $14) 13... O-O (13... Qd7 14. Qb3 Rd8 $11) 14. Qb3 Bf6 15. Rfd1 Qb6 16.
Bxd5 Rad8 17. Bxc6 Qxc6 18. d5 Qa6 19. Rd2 Rd7 {1-0 Skripchenko,A (2453)
-Lomineishvili,M (2396)/EUR-chW Chisinau Qualification 2005/(36)}) (5. Qb3 Qb6
(5... Qc7 6. Ng5 e5 7. Bc4 Bh5 8. d3 Nc6 9. f4 a6 10. Qc2 h6 11. Nf3 Bxf3 12.
gxf3 Nh5 13. f5 Be7 14. Qg2 Bg5 15. Bxg5 hxg5 16. Qxg5 f6 17. Qg6+ Kf8 18. a4
Nf4 19. Qg4 Rh4 20. Qg3 Rh3 {0-1 Kosashvili,Y (2547)-Sutovsky,E (2661)/ISR
t-ch Tel Aviv 2004/ChessBase (43)}) 6. Qc2 Nc6 7. h3 Bh5 8. d3 e6 9. Bg5 Be7
10. Nbd2 d5 11. g4 Bg6 12. Nh4 c4 13. dxc4 Nxe4 14. Nxg6 Qxf2+ 15. Kd1 Ng3 16.
Re1 hxg6 17. Bxe7 Nxe7 18. Qa4+ Kf8 19. Qd7 Rxh3 20. Qxb7 Rd8 {0-1 Petrosian,T
(2599)-Ibrahimov,R (2511)/IRA t-ch Teheran 2005 (36)}) 5... Bh5 6. O-O e6 7. d4
{Otherwise Black equalizes chances without any problems, for example} (7. d3
Be7 8. Nh2 Bxe2 9. Qxe2 Nc6 10. f4 d5 11. Nd2 Qc7 12. e5 Nd7 13. Ng4 h5 14. Nf2
O-O-O 15. Nf3 Kb8 16. Bd2 Rde8 17. Rae1 g6 18. c4 Nb6 19. b3 Rd8 20. g3 Rd7 21.
Kg2 a6 {Predojevic,B (2558)-Brkic,A (2500)/Bosnjaci op-A 2006/ /1/2-1/2}) ({or
} 7. Re1 Be7 8. d4 O-O 9. dxc5 Nxe4 10. cxd6 Bxd6 11. Nbd2 Nxd2 12. Bxd2 Nc6
13. Be3 Qc7 14. Nd4 Nxd4 15. Bxh5 Nf5 16. Qb3 Nxe3 17. Rxe3 Bc5 18. Re2 Rad8
19. Bf3 Rd7 20. Rd1 Rfd8 21. Rxd7 Rxd7 {0-1 Houska,J (2375)-Speelman,J (2555)/
London Staunton mem 2004 (69)}) 7... Nxe4 8. d5 Nd7 9. Qb3 $146 {White decides
for a very ambitious but dubious plan which leads him to an inferior position
in just a couple of moves.} (9. dxe6 fxe6 10. Qb3 d5 11. Qxb7 Bd6 12. Nbd2 Nxd2
13. Bxd2 O-O 14. Qa6 Qe7 15. Bg5 Nf6 16. Nd2 Be8 17. Qd3 c4 18. Qe3 h6 19. Bf4
e5 20. Bh2 Qe6 21. b3 cxb3 22. axb3 a5 23. Bf3 {Loncar,R-Palac,M/Pula 1992}) (
9. Re1 $5 e5 10. Nxe5 Bxe2 11. Qxe2 Nxe5 12. Qxe4 Be7 13. Bf4 Ng6 14. Na3 O-O
15. Re2 Re8 16. Rae1 Qd7 17. Nc4 Bf8 18. Qf3 Rxe2 19. Rxe2 b5 20. Na5 Re8 21.
Bg3 Rxe2 22. Qxe2 Qf5 {1/2-1/2 Hamdouchi,H (2574)-Sutovsky,E (2654)/WCC Khanty
Mansyisk 2005/ (40)}) 9... e5 10. Qxb7 Nef6 11. Re1 Be7 {[%csl Rb7][%cal Ge5e4]
} 12. c4 (12. Nbd2 $5 O-O 13. Nc4) 12... O-O 13. Nc3 (13. Nh4 $6 Bxe2 14. Rxe2
Nxd5 15. Nf5 N5b6) 13... e4 14. Ng5 (14. Nh4 Bxe2 15. Rxe2 g6 16. Bg5 Re8 {
[%csl Rh4]}) 14... Bg6 15. Bf1 Re8 16. Bd2 (16. Ngxe4 Nxe4 17. Nxe4 Rb8 18. Qa6
$8 (18. Qxa7 Bf8 19. f3 f5 20. Bg5 Qc8 {[%csl Re4][%cal Rb8a8]}) 18... Bh4 19.
g3 Rxe4 20. Rxe4 Bxe4 21. gxh4 Qxh4 (21... Ne5 $5) 22. Qxa7 Rxb2 23. Be3 (23.
Bxb2 $2 Qg5+ 24. Kh2 Qf4+ 25. Kg1 Qf3 $19) 23... Nf8 $15 {[%csl Rg1]}) 16...
Bf8 {[%cal Rh7h6]} 17. f3 $8 Rb8 18. Qxa7 Rxb2 19. Rad1 (19. Bc1 Rb8 20. Ngxe4
Nxe4 21. fxe4 Ra8 22. Qb7 Be7 $5 $17 {[%cal Ge7f6]}) 19... Ne5 {White has to
be very careful as Black has a lot of tricks available.} 20. fxe4 $2 (20. Ngxe4
$142 $5 Nxe4 21. Nxe4 (21. fxe4 Qh4 {[%cal Rh4g3]}) 21... Qh4 22. Bg5 Qh5 23.
Bc1 Bxe4 $5 24. Bxb2 (24. fxe4 Rbb8) 24... Nxf3+ 25. gxf3 Qg5+ 26. Kf2 Qh4+ 27.
Kg2 Qg5+ $11) 20... Nh5 $17 {[%mdl 128] For the cost of only a pawn Black has
firmly seized the initiative. Now White should play cautiously to avoid a
quick collapse.} 21. Be3 (21. Bc1 Rc2) 21... Be7 (21... Ng3 $5 {[%csl Rc4]})
22. Qa3 Rc2 $5 23. Nf3 Nxf3+ (23... Bf6 $36) 24. gxf3 Bg5 25. Nb5 $6 {Other
moves don't bring instant relief either. For example} (25. Ne2 $8 Rxa2 26. Qxa2
Bxe3+ 27. Kh2 f5 $5 $40 (27... Bf2 $5)) 25... Bf4 $1 $19 {This nice move
yields Black a decisive advantage.} 26. Bxf4 Nxf4 27. Qe3 (27. Kh1 Nxh3 28.
Bxh3 Qh4 29. f4 Qf2) 27... Qh4 28. Rd2 Qg3+ 29. Kh1 Rxd2 30. Qxd2 Bh5 0-1

[Event "EU-chT (Men) 14th"]
[Site "Plovdiv"]
[Date "2003.10.15"]
[Round "5.3"]
[White "Grischuk, Alexander"]
[Black "Sutovsky, Emil"]
[Result "1-0"]
[WhiteElo "2732"]
[BlackElo "2646"]
[Annotator "Psakhis,L"]
[PlyCount "49"]
[EventDate "2003.10.10"]
[EventType "team-swiss"]
[EventRounds "9"]
[EventCountry "BUL"]
[SourceTitle "CBM 098"]
[Source "ChessBase"]
[SourceDate "2004.02.03"]
[SourceVersion "1"]
[SourceVersionDate "2004.02.03"]
[SourceQuality "1"]
[WhiteTeam "Russia"]
[BlackTeam "Israel"]
[WhiteTeamCountry "RUS"]
[BlackTeamCountry "ISR"]

1. e4 c5 2. Nf3 d6 3. c3 {Grischuk unexpectedly deviates from the main
Sicilian lines.} Nf6 4. Be2 g6 5. O-O Bg7 6. Bb5+ Bd7 7. Bxd7+ Nfxd7 (7...
Nbxd7 8. Re1 O-O 9. d4 cxd4 10. cxd4 d5 11. e5 Ne4 12. Nbd2 Nxd2 13. Bxd2 Qb6
14. Qa4 Qe6 15. Qb4 Nb6 16. a4 Rfc8 17. a5 Nc4 18. Bg5 $14 {1-0 Khachian,
M-Fritchle,G/Los Angeles Southern California op 2002/ (49)}) (7... Qxd7 8. Re1
O-O 9. d4 cxd4 10. cxd4 d5 11. e5 Ne4 12. Nc3 f5 13. exf6 Nxc3 14. bxc3 exf6
15. Ba3 Rf7 16. c4 Nc6 17. Rc1 Rd8 $13 {1/2-1/2 Kovalevskaya,E-Cmilyte,V/FIDE
World CupW Gp A Hyderabad 2002/The Week in Chess 414 (60)}) 8. d4 {White has
built the pawn centre. His immediate task is to complete development and to
create a favourable situation for further advance of the central pawns.} O-O 9.
Be3 Qb6 (9... Nc6 10. Nbd2 (10. h3 b5 11. Nbd2 a5 12. Qe2 b4 13. d5 Na7 14.
Rac1 Qb6 15. Rfe1 Nb5 $11 {Romanishin - Tukmakov, Simferopol 1988}) 10... b5
11. Qe2 b4 12. d5 Na5 13. cxb4 cxb4 14. Nd4 Nc5 15. Rac1 Qd7 16. b3 Qb7 17. f3
f5 18. Kh1 Rac8 19. Rfe1 Rf7 20. Nc4 $36 {Erenburg,S-Murariu,A/Wch B20
Nakhchivan 2003/CBM 96/[Erenburg]/1/2-1/2 (41)}) 10. Qd2 Nf6 (10... Nc6 11.
dxc5 $1 Nxc5 (11... dxc5 $2 12. Qxd7) 12. b4 Nxb4 $8 (12... Nxe4 13. Qc2 $18)
13. cxb4 Bxa1 14. bxc5 dxc5 15. Nc3 Bxc3 16. Qxc3 {[%csl Rg7,Rh6][%cal Ge3h6,
Re3c5]}) 11. dxc5 $146 ({White failed to get any advantage after} 11. e5 dxe5
12. dxe5 Ng4 13. Bf4 Nc6 14. Re1 Rad8 15. Qc1 c4 (15... Ngxe5 $2 16. Nxe5 Nxe5
17. Bxe5 Bxe5 18. Rxe5 Qxb2 19. Na3 $1) 16. Re2 Qc5 $15 {Shahade,G-Ashley,M/
New York 1999/CBM 70/[Hecht]/1-0 (47)}) 11... dxc5 12. Qc2 Qc6 13. Nbd2 h6 (
13... Nbd7 $5 14. Bg5 Qe6) 14. Rfe1 Na6 (14... Nbd7 15. e5 Nd5 16. e6 $1 {
[%csl Yg6]} N7b6 (16... fxe6 $2 17. Qxg6) (16... Qxe6 17. Bxh6 $36) 17. exf7+
Rxf7 18. Qe4 $14) (14... Ng4 15. Bf4 Nd7 16. e5 $14) 15. Ne5 $1 Qe6 16. f4 $14
Ng4 17. Nxg4 Qxg4 18. f5 e6 19. h3 (19. Qb3 $5 {[%cal Gh2h3,Gb3e6,Gb3b7]} exf5
(19... b6 $2 20. h3 Qg3 21. fxe6) 20. h3 $1 (20. Qxb7 f4 $1 21. Qxa6 fxe3 22.
Rxe3 $14) 20... Qh4 (20... Qh5 21. Qxb7 $18) 21. exf5 $16) 19... Qg3 $2 {
Serious mistake, much stronger was move} (19... Qh4 $142 {[%cal Gh4e7] and
White must still work hard to convert his initiative into victory.}) 20. Nf3 ({
Again} 20. Qb3 {worth considering} exf5 21. exf5 (21. Qxb7 f4 22. Nf1 Qh4 23.
Bf2 Qf6 $13) 21... Rae8 22. Nf3 $36) 20... Rad8 (20... exf5 21. exf5 {[%cal
Gc2g6]} Qd6 22. Rad1 $14) (20... Qc7 21. f6 $1 Bxf6 22. Bxh6 Rfd8 23. e5 {
with clear advantage}) 21. f6 $5 {White's advantage can be seen with the naked
eye but it is difficult to believe that Black will fight just for another 5
moves!} (21. Qb3 $5) 21... Bxf6 22. e5 $1 Bg5 $6 {Emil slips up in a difficult
position.} (22... Bxe5 $2 23. Bf2 $18 {[%csl Re5]}) (22... Bh4 23. Bxh6 Rfe8
24. Re4 {[%csl Rg3,Rh4][%cal Re4g4]}) ({the most stubborn was} 22... Bg7 $8 23.
Qe4 $1 g5 24. Qxb7 Nb8 25. Bxc5 {with winning position for White}) 23. Bf2 Qf4
24. Re4 Qf5 (24... Rd2 25. Qa4 $5 Qf5 26. Nxd2 Bxd2 27. Rf1 {couldn't give any
hopes for Black eigher}) 25. Qe2 {[%csl Rf5][%cal Rg2g4]} 1-0